Normal view
MARC view
- Roos, Anna Marie Eleanor
Entry Personal Name
001 - CONTROL NUMBER
- control field: 136116
003 - CONTROL NUMBER IDENTIFIER
- control field: KE-NaSUL
005 - DATE AND TIME OF LATEST TRANSACTION
- control field: 20250825192802.0
008 - FIXED-LENGTH DATA ELEMENTS
- fixed length control field: 250825|| aca||aabn | a|a d
040 ## - CATALOGING SOURCE
- Original cataloging agency: KE-NaSUL
- Transcribing agency: KE-NaSUL
100 ## - HEADING--PERSONAL NAME
- Personal name: Roos, Anna Marie Eleanor
670 ## - SOURCE DATA FOUND
- Source citation: Work cat.: (KE-NaSUL)99038: Roos, Anna Marie Eleanor., The salt of the earth, 2007.